000 00601nam a22001457a 4500
020 _a978-0-552-55320-9
082 _a823
_bPAO/R
100 _aPAOLINI, CHRISTOPHER
245 _aERAGON
260 _aGREAT BRITAIN
_bCORGI BOOKS
_c2005
300 _a517
520 _aEragon undergoes a transformation from an ordinary boy to a hero as he battles the evil minions of the king to protect himself, his dragon, and those he loves. The boy experiences several losses throughout the story but continues to grow into the role of hero by the end of the novel.
650 _aNOVEL
_zUNITED KINGDOM
942 _cBK
999 _c3705
_d3705